000 00540nam a22001697a 4500
005 20251108164100.0
008 250721s1997 xx 000 0 ara d
082 1 4 _a810.09/عاك
100 1 _aالعاكوب، عيسى علي
245 1 0 _aالتفكير النقدي عند العرب :
_bمدخل إلى النظرية الأدب العربي /
264 1 _aدمشق :
_bدار الفكر،
_c1997.
300 _a357ص
650 1 7 _aالأدب العربي
650 1 7 _aالنقد الأدبي
942 _2ddc
_cBK
999 _c3149
_d3149